| 000 | 01812nam a22003137a 4500 | ||
|---|---|---|---|
| 999 |
_c21846 _d21846 |
||
| 003 | AR-CdUCM | ||
| 008 | 190425b ||||| |||| 00| 0 spa d | ||
| 040 |
_aMUNICIPALIDAD PROVINCIAL DEL CUSCO _cBIBLIOTECA MUNICIPAL DEL CUSCO |
||
| 082 | _aRev.Andi/N°24/1994 | ||
| 110 |
_aCentro Bartolomé de Las Casas _93293 |
||
| 245 |
_aRevista andina / _cCentro de estudios rurales andinos Bartolomé de Las Casas Cusco |
||
| 260 |
_aCusco : _bCentro Bartolomé de Las Casas, _c1994. |
||
| 300 |
_a295-570 páginas. : _c23 cm. |
||
| 440 |
_aPublicación Semestral del Centro Bartolomé de Las Casas Cusco. _nAño 12, Número 24, N°2, Segundo semestre 1994. _946409 |
||
| 500 | _aTejido Andino pasado y presente II | ||
| 505 | _aContenido: Las imágenes visuales de estructuras textiles en el arte del antiguo Perú. Mary Frame. -- Vestimenta y jerarquía los tejidos de Angualasto del Museo Etnográfico una nueva visión. Susana F. Renard. -- Los incas del cardenal las acuarelas de la colección Massimo. Juan Carlos Estenssoro. -- El señorío de los Carangas y los chullpares del Río Lauca. Teresa Gisbert. -- Las torpes imágenes americanas devociones locales entre los Alpes y los Andes a través de las estampas Remondini. Raffaele Moro R.-- Tierra de nadie representaciones del espacio y cultura de frontera en los territorios caucheros bolivianos, 1880-1930. Andreu Viola Recasens. | ||
| 650 |
_aTextiles andinos _946410 |
||
| 650 |
_aTextilería _946411 |
||
| 650 |
_aTradición andina _946412 |
||
| 650 |
_aCaucheros _946413 |
||
| 700 |
_aFrame, Mary _946414 |
||
| 700 |
_aRenard, Susana _946415 |
||
| 700 |
_aEstenssoro, Juan Carlos _93244 |
||
| 700 |
_aGisbert, Teresa _91086 |
||
| 700 |
_aMoro, Raffaele _946416 |
||
| 700 |
_aViola Recasens, Andreu _946417 |
||
| 942 |
_2ddc _cPP |
||
| 945 | _arac | ||